| 000 | 00820aas a2200217 4500 | ||
|---|---|---|---|
| 999 |
_c4019 _d4019 |
||
| 003 | BR-BrBNA | ||
| 005 | 20230317233949.0 | ||
| 007 | ta | ||
| 008 | 230119b bl ||||| |||| 00| 0 por d | ||
| 035 | _a000485-5 | ||
| 040 |
_aBR-BrBNA _bPor _cBR-BrBNA |
||
| 042 | _a027865-3 | ||
| 044 | _abl | ||
| 245 | _aDocumentos - Empresa Brasileira de Assistência Técnica e Extensão Rural (Brazil) | ||
| 260 |
_aBrasília-DF _bEmpresa Brasileira de Assistência Técnica e Extensão Rural _c1975. Data final de publicação em 1986 _eBDF |
||
| 270 | _aSAIN - Parque Rural - Caixa Postal 070530 - 70770-000 | ||
| 310 | _airregular | ||
| 505 | _a1975 (1-3); 1976 (4,5doc.ext,7); 1977 (8); 1978 (4); 1979 (6,9-10); 1980 (13); 1981 (11-12,14-15); 1982 (16-17,18doc.ext); 1983-86 (19-25); | ||
| 909 |
_a56 _bSergio Santos _c56 _dSergio Santos |
||
| 942 |
_cCR _2AGRIS |
||